000 00406nam a2200169Ia 4500
008 260520s2025 xx 000 0 und d
020 _a9789370607385
041 _aeng
082 _a658.872/DWE
100 _aDwesar, R
245 _aDigital Marketing
250 _a1st ed
260 _aNEW DELHI
_bWiley India pvt Litd
_c2025
300 _a647p.
500 _aCat No: 15115
650 _aMANAGEMENT
999 _c1222192
_d1222192